000 00367nam a22001457a 4500
020 _a0-00-777863-5
082 _a500
_bCOL/S
100 _aCOLLINS
245 _aINSTANT FACTS SCIENCE
_bA-Z OF ESSENTIAL FACTS AND DEFINITIONS
250 _aFIRST EDITION
260 _aLONDON
_bHARPER COLLINS
_c1993
300 _a179
650 _aSCIENCE REFERENCE
_zINDIA
942 _cBK
999 _c1429
_d1429